000 02031nam a2200337Ia 4500
003 GCL
005 20240530095711.0
008 140319s9999 xx 000 0 ara d
020 _a1207322977
040 _aGCL /
_cGCL
082 0 4 _a949.502
_bم ا
100 1 _aمحمد مؤنس عوض
245 1 0 _aالامبراطورية البيزنطية :
_bدراسة فى تاريخ الاسر الحاكمة ( 330 - 1453 م ) /
_cمحمد مؤنس عوض
250 _aالاولى
260 _aالقاهرة :
_bعين للدراسات والبحوث الانسانية والاجتماعية ،
_c2007
300 _a554 ص ؛
_c24 سم
650 0 4 _aالامبراطورية البيزنطية
650 0 4 _aالعصور الوسطى - تاريخ
650 0 4 _aالامبراطورية البيزنطية - تاريخ
650 0 4 _aالامبراطورية البيزنطية - تاريخ - اسرة قسطنطين ( 324-378 م)
650 0 4 _aالامبراطورية البيزنطية - تاريخ - اسرة ثيودوسيوس (379 -518 م)
650 0 4 _aالامبراطورية البيزنطية - تاريخ - اسرة جستنيان ( 518 - 621م )
650 0 4 _aالامبراطورية البيزنطية - تاريخ - الاسرة الهرقلية ( 610-717م)
650 0 4 _aالامبراطورية البيزنطية - تاريخ - الاسرة الايسورية ( 717-820م )
650 0 4 _aالامبراطورية البيزنطية - تاريخ - الاسرة العمورية ( 820-867م)
650 0 4 _aالامبراطورية البيزنطية - تاريخ - الاسرة المقدونية ( 867-959 م)
650 0 4 _aالامبراطورية البيزنطية - تاريخ - اسرتى دوكاس وكومنين ( 1057-1185 م)
650 0 4 _aالامبراطورية البيزنطية - تاريخ - اسرة انجليوس ( 1185-1261 م)
650 0 4 _aالامبراطورية البيزنطية - تاريخ - اسرة باليولوج ( 1261 - 1453 م )
942 _2ddc
_cBK
999 _c9692
_d9692